[Event "Manavgat Turkey Cup"]
[Site "Manavgat"]
[Date "2015.02.02"]
[Round "4"]
[White "Tuna, Alp"]
[Black "Kamisli, Barkin Gonenc"]
[Result "1-0"]
[WhiteElo "1795"]
[BlackElo "1595"]
[PlyCount "91"]
[EventDate "2015.01.31"]
[EventType "swiss"]
[EventRounds "11"]
[EventCountry "TUR"]
[SourceTitle "CBM 164 Extra"]
[Source "ChessBase"]
[SourceDate "2015.03.02"]
[SourceVersion "1"]
[SourceVersionDate "2015.03.02"]
[SourceQuality "1"]

1. e4 e5 2. Nf3 Nc6 3. Bc4 Nf6 4. d3 Bc5 5. c3 0-0 6. Bb3 d6 7. Nbd2 Re8 8. Nf1 Be6 9. Ng3 h6 10. Qe2 d5 11. h3 Bf8 12. Ba4 Bd7 13. Bc2 dxe4 14. dxe4 g6 15. Be3 Qe7 16. 0-0 Bg7 17. Rfd1 Rad8 18. b4 b6 19. Qc4 Qe6 20. Qxe6 Rxe6 21. Bb3 Ree8 22. a4 Bc8 23. a5 Rxd1+ 24. Rxd1 Bb7 25. axb6 axb6 26. Ne1 Na7 27. f3 Nc8 28. c4 Bf8 29. Ba4 Re6 30. Nc2 Nd6 31. Bb3 Re7 32. Na3 Bc6 33. Ne2 Nb7 34. Nc2 Rd7 35. Rxd7 Bxd7 36. Nc1 Be6 37. Nd3 Nd7 38. Na3 Nd6 39. Ba4 Nxc4 40. Bxd7 Bxd7 41. Nxc4 Bb5 42. Ncb2 f6 43. Kf2 g5 44. Ke1 Bd6 45. g4 Kf7 46. Kd2 1-0

[Event "Gebze op"]
[Site "Gebze"]
[Date "2013.10.04"]
[Round "4"]
[White "Yolsal, Umut"]
[Black "Kamisli, Barkin Gonenc"]
[Result "1-0"]
[WhiteElo "1999"]
[BlackElo "1466"]
[PlyCount "57"]
[EventDate "2013.10.03"]
[EventType "swiss"]
[EventRounds "7"]
[EventCountry "TUR"]
[SourceTitle "CBM 157 Extra"]
[Source "ChessBase"]
[SourceDate "2013.12.19"]
[SourceVersion "1"]
[SourceVersionDate "2013.12.19"]
[SourceQuality "1"]

1. e4 e5 2. Nf3 Nc6 3. d4 exd4 4. Bc4 Bc5 5. c3 dxc3 6. Bxf7+ Kxf7 7. Qd5+ Ke8 8. Qxc5 d6 9. Qxc3 Qf6 10. Qb3 h6 11. Nc3 Nge7 12. Be3 b6 13. h3 Bd7 14. 0-0-0 Na5 15. Qc2 Rd8 16. Kb1 a6 17. Rhe1 Nac6 18. Nd4 Nb4 19. Qe2 c5 20. Nf3 b5 21. g4 Rf8 22. Ng1 g5 23. Nd5 Nbxd5 24. exd5 Kf7 25. f4 gxf4 26. Bxf4 Qg6+ 27. Ka1 Rfe8 28. Qd2 Kg7 29. Nf3 1-0

[Event "Kesan op 11th"]
[Site "Edirne"]
[Date "2013.08.29"]
[Round "6"]
[White "Odeev, Handszar"]
[Black "Kamisli, Barkin Gonenc"]
[Result "1-0"]
[WhiteElo "2408"]
[BlackElo "1477"]
[PlyCount "61"]
[EventDate "2013.08.26"]
[EventType "swiss"]
[EventRounds "9"]
[EventCountry "TUR"]
[SourceTitle "CBM 156 Extra"]
[Source "ChessBase"]
[SourceDate "2013.10.22"]
[SourceVersion "1"]
[SourceVersionDate "2013.10.22"]
[SourceQuality "1"]

1. e4 c5 2. Nc3 Nc6 3. f4 g6 4. Nf3 Bg7 5. Bc4 d6 6. 0-0 e6 7. Qe1 a6 8. a4 Nb4 9. Qg3 Ne7 10. f5 d5 11. Ba2 0-0 12. fxg6 fxg6 13. d3 Nxc2 14. Bg5 Nb4 15. Qh4 Re8 16. exd5 Nxa2 17. Rxa2 Qc7 18. d6 Qxd6 19. Ne4 Qc7 20. Nf6+ Bxf6 21. Bxf6 Nf5 22. Qg5 e5 23. Raa1 Re6 24. Rae1 Qd6 25. Bxe5 Qe7 26. Qf4 Bd7 27. Ng5 Re8 28. Nxe6 Bxe6 29. Bc3 Qd7 30. Qe5 Qg7 31. Rxf5 1-0